| 000 | 00943naa a2200265 c 4500 | ||
|---|---|---|---|
| 001 | 48191 | ||
| 003 | ES-MaCES | ||
| 005 | 20160922115545.0 | ||
| 008 | 160922s2016 sp ||||| t||||||| ||spa d | ||
| 040 |
_aES-MaCES _bspa _cES-MaCES _dES-MaCES |
||
| 100 | 1 |
_937328 _aFumagalli, Andrea |
|
| 245 | 1 | 3 |
_aLa "jobs act", el gran farol de Matteo Renzi _cAndrea Fumagalli |
| 650 | 4 |
_928292 _amercado de trabajo |
|
| 650 | 4 |
_928299 _aempleo |
|
| 650 | 4 |
_930174 _aflexibilidad del trabajo |
|
| 650 | 4 |
_927166 _alegislación del trabajo |
|
| 650 | 4 |
_929892 _areforma legislativa |
|
| 650 | 4 |
_927246 _apolítica |
|
| 650 | 4 |
_927243 _apartido político |
|
| 650 | 4 |
_926952 _aItalia |
|
| 653 | 1 | 0 | _aEmpleo |
| 773 | 0 |
_985082 _dValencia Cybermonde D.L. 2014 _o087980 _tLe Monde diplomatique en español _w(ES-MaCES)47675 _gaño 20, n. 249 (jul. 2016) {55/1142 R. 087980} ;p. 8-9 |
|
| 902 | _aART Artículo de revista | ||
| 942 |
_2CES _cAR _h2.0. |
||
| 999 |
_c48191 _d48191 |
||